太鼓の達人 1000コンボ以上の楽曲 - Statistics

General Stats
  • This quiz has been taken 199 times
  • The average score is 15 of 77
Answer Stats
コンボ数 楽曲名 % Correct
1414 〆ドレー2000
77%
〆ドレー2000+
77%
1262 幽玄ノ乱
74%
1396 第六天魔王
63%
1487 そつおめしき・ふる
58%
1304 Infinite Rebellion
48%
千本桜(裏)
46%
1240 Vixtory(裏)
43%
1290 ≠MM
40%
1210 poxei♦DOON
39%
1365 神竜~Shinryu~(裏)
38%
1170 憎悪と醜悪の花束(裏)
36%
1071 Silent Jealousy
36%
1316 そして勇者は眠りにつく(裏)
35%
1305 モノクロボイス(裏)
33%
1008 たいこの2000
33%
1408 Silent Jealousy(裏)
33%
1400 The Future of the 太鼓ドラム(裏)
33%
1167 ダンガンノーツ(裏)
32%
1085 魑魅魍魎
30%
1111 赤と白薔薇の魔女
25%
1158 闇の魔法少女
23%
疾風怒濤(裏)
23%
1044 星屑ストラック(裏)
21%
1001 8OROCHI(裏)
21%
1022 Coquette
21%
1108 狂瀾怒濤(裏)
20%
弩蚊怒夏
20%
1069 Calamity Fortune
20%
1121 カラフルボイス(裏)
19%
1259 Central Dogma Pt.1(裏)
19%
Taiko Drum Monster(裏)
19%
1160 ネクロファンタジア ~ Arr.Demetori
18%
1217 Calamity Fortune(裏)
18%
1070 彁(裏)
16%
1208 BLAZING VORTEX(裏)
16%
1103 SUPERNOVA(裏)
14%
1194 怒槌
13%
1059 氷竜 ~Kooryu~(裏)
13%
1045 秋竜 ~Shiuryu~(裏)
13%
1096 デッド・オア・ダイ
12%
1038 美しく忙しきドナウ(裏)
11%
1052 INSPION
11%
1141 気焔万丈神楽
10%
1195 業 -善なる神とこの世の悪について-(裏)
8%
1138
8%
1136 ギミチョコ!!(裏)
8%
1109 幕末維新譚
8%
青天の黎明
8%
セイクリッド ルイン(裏)
8%
D絶対!SAMURAIインザレイン(裏)
8%
1024 FREEDOM DiVE↓
8%
1000 Telecastic fake show
8%
ピコピコ ルイン(裏)
7%
1608 ピプノシスマイク -Division Battle Anthem-
7%
1119 ラ・モレーナ・クモナイ(裏)
6%
メタナイトの逆襲メドレー(裏)
6%
ouroboros ‐twin stroke of the end‐
6%
1129 Xevel
6%
1075 キューティー☆デモニック☆魔人エモ!!
5%
1037 ヒバナ(裏)
5%
1100 Abyss of hell(裏)
5%
スーパーD&D ~完全にリードしてアイマイミー~
5%
Scarlet Lance
5%
THE FIXER
5%
1134 UNDEAD HEART(怒りのWarriors)(達人譜面)
5%
1177 六本の薔薇と采の歌(裏)(達人譜面)
3%
ESCAPE FROM CRISIS(裏)
3%
LΔchesis(裏)
3%
1083 ギガンティックO. T. N(裏)
3%
1035 ウルトラマンX(裏)
3%
1062 オーブの祈り
2%
Dreadnought(裏)
2%
1072 MEGALOVANIA(裏)
1%
1089 マツヨイナイトバグ(裏)
0%
1033 Blood Rage(裏)
0%
1107 Kill My Fortune(裏)
0%
No matching quizzes found
Score Distribution
Percent of People with Each Score
Percentile by Number Answered
Your Score History
You have not taken this quiz